000 00251nam a22001097a 4500
008 240708b |||||||| |||| 00| 0 eng d
100 _aSharma, Agyadutt
_916678
245 _aInsan
260 _aDelhi:
_bAtmaram;
_c1961.
300 _a225p.
942 _cBK
999 _c40466
_d40466